Dopasuj miasto do państwa #1 - Statystyki

Ogólne statystyki
  • Ten quiz został rozwiązany 4 137 razy
  • Średni wynik to 16 z 27
Statystyki odpowiedzi
Miasto Państwo % Poprawnych
Stuttgart Niemcy
95%
Gdańsk Polska
95%
Porto Portugalia
90%
Nikozja Cypr
88%
Odessa Ukraina
87%
Kioto Japonia
84%
Montevideo Urugwaj
84%
Brno Czechy
77%
Cagliari Włochy
76%
Guadalajara Meksyk
74%
Jakuck Rosja
73%
Dakar Senegal
73%
Bergen Norwegia
72%
Hajfa Izrael
63%
Medellín Kolumbia
61%
Chartum Sudan
54%
Darwin Australia
50%
Dżedda Arabia Saudyjska
44%
Luksor Egipt
38%
Ćennaj Indie
34%
Saskatoon Kanada
34%
Durban Republika Południowej Afryki
26%
Basra Irak
23%
Sziraz Iran
23%
San Bernardino Stany Zjednoczone
21%
Kalamata Grecja
17%
Camagüey Kuba
10%
Nie znaleziono quizów pasujących do podanych kryteriów
Rozkład punktacji
Procent ludzi z każdym wynikiem
Percentyl według liczby udzielonych odpowiedzi
Twoja historia wyników
Nie rozwiązałeś tego quizu